000 00597cam4a220021700 4500
001 zam00002467
008 951128s1973 xx eng u
035 _a(Sirsi) r19824
035 _a(MACHINE)SLC.
100 _aPoulantzas, N.
_6A80866.1
245 1 0 _aPolitical power and social classes.
260 _c1973.
949 _aJC249
_wlcc
_mMAIN
_tBOOK
_lON-SHELF
004 19824
591 _aClass code: PL 450.
591 _aCourse: Socialist political theory.
591 _aSchool: S05.
591 _aLecturer: Dr. KAELA, L.W.
591 _aNumber of Students: 14.
909 _aBook
999 _c169379
_d169379